La apertura española / (Record no. 61361)

MARC details
000 -LEADER
campo de control de longitud fija 00537nam a2200181 i 4500
001 - NÚMERO DE CONTROL
campo de control 61361
003 - IDENTIFICADOR DE NÚMERO DE CONTROL
campo de control ES-MaACL
005 - FECHA Y HORA DE LA ÚLTIMA TRANSACCIÓN
campo de control 20230906164436.0
007 - CAMPO FIJO DE DESCRIPCIÓN FÍSICA--INFORMACIÓN GENERAL
campo de control de longitud fija t|
008 - DATOS DE LONGITUD FIJA--INFORMACIÓN GENERAL
campo de control de longitud fija 031111s1964 sp ||||1| spa d
100 1# - ENTRADA PRINCIPAL--NOMBRE DE PERSONA
Nombre de persona Euwe, Max.
9 (RLIN) 48340
245 13 - MENCIÓN DEL TÍTULO
Título La apertura española /
Mención de responsabilidad, etc. Max Eube ; [traducción por César Utrilla Carrasco].
260 ## - PUBLICACIÓN, DISTRIBUCIÓN, ETC.
Lugar de publicación, distribución, etc. [Tortosa :
Nombre del editor, distribuidor, etc. s.n.,
Fecha de publicación, distribución, etc. 1964] (
Fabricante Peri)
300 ## - DESCRIPCIÓN FÍSICA
Extensión 158 p. :
Otras características físicas il. ;
Dimensiones 22 cm.
500 ## - NOTA GENERAL
Nota general Es el t. 2.
700 1# - ENTRADA AGREGADA--NOMBRE PERSONAL
Nombre de persona Utrilla Carrasco, César.
9 (RLIN) 112339
852 ## - LOCALIZACIÓN
Ubicación ES-MaACL
Número de control de estantería C-28612
Sublocalización o colección R.57922
Holdings
Estatus retirado Estado de pérdida Estado de daño No para préstamo Biblioteca de origen Biblioteca actual Ubicación en estantería Fecha de adquisición Fuente de adquisición Total de préstamos Signatura topográfica completa Código de barras Visto por última vez Precio de reemplazo Tipo de ítem Koha
        Biblioteca del Ateneo de Madrid Biblioteca del Ateneo de Madrid Depósito 2 17/01/2008     C-28612 1064344 23/02/2023 23/02/2023 Libro impreso